La última condena

Guardat en:
Dades bibliogràfiques
Autor principal: Mihovilovich Hernández, Juan (autor)
Format: Llibre
Idioma:espanyol
Publicat: Santiago Pehuen 1983
Col·lecció:Nueva narrativa
Matèries:
Etiquetes: Afegir etiqueta
Sense etiquetes, Sigues el primer a etiquetar aquest registre!

MARC

LEADER 00000nam a2200000 a 4500
001 UCW8413
003 CL-VaPUC
008 880829e19830000CL |||||||||||||||||spa|d
082 0 4 |a Ch863  |b MIH  |2 21 
100 |a Mihovilovich Hernández, Juan  |e autor  |9 563434 
245 1 3 |a La última condena 
300 |a 127 p 
942 |c BK 
945 |d 19880829 00:00:00 
260 |a Santiago  |b Pehuen  |c 1983 
650 0 |a Novela chilena   |9 307631 
583 |a last modification  |c 19880829 00:00:00  |k Rodrigo Vera 
490 0 |a Nueva narrativa 
999 |c 220791  |d 220789 
952 |0 0  |1 0  |4 0  |6 CH_863_000000000000000_MIH_1983  |7 0  |8 A  |9 213474  |a BIBEDU  |b BIBEDU  |d 2019-11-15  |i 2818108  |o Ch863 MIH 1983  |p 2818108  |r 2019-11-15  |w 2019-11-15  |y BK  |k LIT 
952 |0 0  |1 0  |4 0  |6 CH_863_000000000000000_MIH_1983  |7 0  |8 A  |9 213475  |a FDOPOS  |b FDOPOS  |d 2019-11-15  |i 1318926  |o Ch863 MIH 1983  |p 1318926  |r 2025-01-22  |w 2019-11-15  |y BK  |k MLH